000 00443nam a22001571a 4500
020 _a9788175100510
082 _a796.072
_bYOG/P
100 _aYoginder Prasad Sharma
_9152216
245 _aPhysical education and research methodology/
_cby Yoginder Prasad Sharma
260 _aNew Delhi:
_bReliance,
_c1997.
300 _a349p.
650 _aSports
_9152217
650 _aGames
_9152218
650 _aPhysical Education
_9152219
942 _cBK
999 _c34594
_d34594